书目信息 |
| 题名: |
论原因、本原与太一
|
|
| 作者: | 布鲁诺 著 ;汤侠声 译 | |
| 分册: | ||
| 出版信息: | 北京 商务印书馆 1984 |
|
| 页数: | 189页 | |
| 开本: | 21cm | |
| 丛书名: | 汉译世界学术名著丛书 | |
| 单 册: | ||
| 中图分类: | B546 | |
| 科图分类: | ||
| 主题词: | 哲学--意大利 | |
| 电子资源: | ||
| ISBN: | ||
| 000 | 00833nam2 2200277 45 | |
| 001 | 0184010019 | |
| 005 | 20060411153619.64 | |
| 010 | @dCNY1.00 | |
| 091 | @a2017.301 | |
| 100 | @a19950524d1984 em y0chiy0121 ea | |
| 101 | 0 | @achi@brus@cita |
| 102 | @aCN@b110000 | |
| 105 | @ac z 000yy | |
| 200 | 10 | @a论原因、本原与太一@Alun yuan yin、 ben yuan yu tai yi@f(意)布鲁诺著@F(Yi)Bu Lu Nuo Zhu@g汤侠声译 |
| 210 | @a北京@c商务印书馆@d1984 | |
| 215 | @a189页@c肖像@d21cm | |
| 225 | 2 | @a汉译世界学术名著丛书 |
| 300 | @a本书据苏联敦尼克译自意大利的《布鲁诺对话集》转译 | |
| 410 | 0 | @120010@a汉译世界学术名著丛书 |
| 606 | 0 | @a哲学@x意大利 |
| 690 | @aB546@v3 | |
| 701 | 0 | @a布鲁诺@4著 |
| 702 | 0 | @a汤侠声@Atang xia sheng@4译 |
| 801 | 2 | @aCN@bNLC@c20060411 |
| 801 | 0 | @aCN@b上海图书馆@c20050527 |
| 905 | @f1@b170966@dB546@e4 | |
| 论原因、本原与太一/(意)布鲁诺著/汤侠声译.-北京:商务印书馆,1984 |
| 189页:肖像;21cm.-(汉译世界学术名著丛书) |
| 本书据苏联敦尼克译自意大利的《布鲁诺对话集》转译 |
| ISBN :CNY1.00 |
| ● |
| 相关链接 |
|
|
|
|
正题名:论原因、本原与太一
索取号:B546/4
 
预约/预借
| 序号 | 登录号 | 条形码 | 馆藏地/架位号 | 状态 | 备注 |
| 1 | 0170965 | 202223334 | 密集书库/ [索取号:B546/4] | 在馆 | |
| 2 | 0170966 | 001979247 | 第一样本阅览室/ [索取号:B546/4] | 在馆 |